MASTERING MODERN WEB PENETRATION TESTING: MASTER THE ART OF CONDUCTING MODERN PEN TESTING ATTACKS AND TECHNIQUES ON YOUR WEB APPLICATION BEFORE THE HACKER DOES! (Record no. 216710)
[ view plain ]
| 000 -LEADER | |
|---|---|
| fixed length control field | 00612nam a22001697a 4500 |
| 008 - FIXED-LENGTH DATA ELEMENTS--GENERAL INFORMATION | |
| fixed length control field | 260226b |||||||| |||| 00| 0 eng d |
| 020 ## - INTERNATIONAL STANDARD BOOK NUMBER | |
| International Standard Book Number | 978-1-78528-458-8 |
| 050 ## - LIBRARY OF CONGRESS CALL NUMBER | |
| Classification number | TK 5105.875 .I57 P73 2016 |
| 100 ## - MAIN ENTRY--PERSONAL NAME | |
| Personal name | PRASAD , PRAKHAR |
| 245 ## - TITLE STATEMENT | |
| Title | MASTERING MODERN WEB PENETRATION TESTING: MASTER THE ART OF CONDUCTING MODERN PEN TESTING ATTACKS AND TECHNIQUES ON YOUR WEB APPLICATION BEFORE THE HACKER DOES! |
| 260 ## - PUBLICATION, DISTRIBUTION, ETC. | |
| Place of publication, distribution, etc. | BIRMINGHAM. |
| Name of publisher, distributor, etc. | PACKT. |
| Date of publication, distribution, etc. | 2016. |
| 300 ## - PHYSICAL DESCRIPTION | |
| Extent | XV, 275P, :ILL |
| 500 ## - GENERAL NOTE | |
| General note | INCLUIDES INDEX |
| 650 ## - SUBJECT ADDED ENTRY | |
| Topical term or geographic name entry element | MASTERING MODERN WEB PENETRATION TESTING |
| 942 ## - ADDED ENTRY ELEMENTS (KOHA) | |
| Source of classification or shelving scheme | Library of Congress Classification |
| Koha item type | Long Loan Book |
| Withdrawn status | Lost status | Source of classification or shelving scheme | Damaged status | Not for loan | Collection | Home library | Current library | Shelving location | Date acquired | Inventory number | Total checkouts | Full call number | Barcode | Date last seen | Copy number | Price effective from | Koha item type |
|---|---|---|---|---|---|---|---|---|---|---|---|---|---|---|---|---|---|
| Library of Congress Classification | Science & Technology | Kisii University Library | Kisii University Library | On Display | 02/26/2026 | 111536 | TK 5105.875 .I57 P73 2016 | a001132 | 02/26/2026 | C.1 | 02/26/2026 | Long Loan Book | |||||
| Library of Congress Classification | Science & Technology | Kisii University Library | Kisii University Library | On Display | 02/26/2026 | 111537 | TK 5105.875 .I57 P73 2016 | a001131 | 02/26/2026 | C.2 | 02/26/2026 | Long Loan Book | |||||
| Library of Congress Classification | Science & Technology | Kisii University Library | Kisii University Library | On Display | 02/26/2026 | 111538 | TK 5105.875 .I57 P73 2016 | a001129 | 02/26/2026 | C.3 | 02/26/2026 | Long Loan Book | |||||
| Library of Congress Classification | Science & Technology | Kisii University Library | Kisii University Library | On Display | 02/26/2026 | 111539 | TK 5105. 875 .P73 2016 | a001130 | 02/26/2026 | C.4 | 02/26/2026 | Long Loan Book |